| 000 | 00522nam a2200181Ia 4500 | ||
|---|---|---|---|
| 005 | 20250508161541.0 | ||
| 008 | 008 250505s9999 xx 000 0 eng d | ||
| 037 | _aBooks to be hide in OPAC | ||
| 040 |
_aFEDL _beng _cFEDL |
||
| 041 |
_aeng _2eng |
||
| 084 |
_a301.153, GAN _qFEDL |
||
| 100 | _aGandhi M K | ||
| 245 | 0 | _aSatyagraha (Non-violent resistance) | |
| 260 |
_aAhmedabad, India _bNavjivan Prakashan Mandir _c1951 |
||
| 300 | _a404p. | ||
| 942 |
_cHB _h301.153, GAN |
||
| 999 |
_c1370716 _d1370716 |
||